| 000 | 00822nam a22002537a 4500 | ||
|---|---|---|---|
| 005 | 20170123162347.0 | ||
| 010 | _aB-029427 | ||
| 020 |
_c300.00 _a8187666064 |
||
| 037 |
_bCen Lib/Ret _aB-029427 |
||
| 040 |
_aDPL _bUR |
||
| 082 |
_a841.08 _2ا ر ش |
||
| 100 |
_aارشاد علی خاں _9517 |
||
| 245 |
_aجدید اصول تنقید/ _cارشاد علی خاں |
||
| 246 |
_aJadeed asool-e- tanqeed/ _bby Irshaad Ali Khan |
||
| 260 |
_aدہلی _bکتابی دنیا _c2001 |
||
| 270 | _bدہلی | ||
| 300 |
_a495p. _c21cm(Hb) |
||
| 650 |
_aاردو ادب _9134217 |
||
| 650 |
_a تنقید --اردو شا عری _9134218 |
||
| 650 |
_aUrdu literature _9134219 |
||
| 650 |
_v _aUrdu -- Poetry-- Criticism _9107865 |
||
| 700 |
_a _9134220 |
||
| 942 |
_2ddc _cUR _h841.08 _mا ر ش |
||
| 999 |
_c108974 _d108974 |
||